Idilios / (Record no. 369)

000 -CABECERA
fixed length control field 00751nam a22002177a 4500
003 - IDENTIFICADOR DEL NÚMERO DE CONTROL
control field AR-CdUCM
008 - DATOS DE LONGITUD FIJA--INFORMACIÓN GENERAL
fixed length control field 190223b ||||| |||| 00| 0 spa d
020 ## - NÚMERO INTERNACIONAL ESTÁNDAR DEL LIBRO
ISBN 8403170238
040 ## - FUENTE DE LA CATALOGACIÓN
Agencia/entidad que catalogó originalmente la obra MUNICIPALIDAD PROVINCIAL DEL CUSCO
Entidad que transcribió la catalogación BIBLIOTECA MUNICIPAL DEL CUSCO
082 ## - NÚMERO DE LA CLASIFICACIÓN DECIMAL DEWEY
No. de Clasificación 884.6 /
Notacion interna T38
100 ## - ENTRADA PRINCIPAL--NOMBRE DE PERSONA
Nombre Personal Teocrito
245 ## - MENCIÓN DE TÍTULO
Título Idilios /
260 ## - PUBLICACIÓN, DISTRIBUCIÓN, ETC.
Lugar de publicación, distribución, etc. Madrid :
Nombre de la editorial, distribuidor, etc. Aguilar S.A, Ediciones;
Fecha de publicación, distribución, etc. 1964.
300 ## - DESCRIPCIÓN FÍSICA
Nº de Páginas Extensión 245 paginas ;
Dimensiones 19 cm.
505 ## - NOTA DE CONTENIDO CON FORMATO
Nota de contenido formateada Teocrito -- El helenismo : Egipto -- El ambiente de Teocrito .. Vida, semblanza y destino -- Las hechiceras ...
650 ## - PUNTO DE ACCESO ADICIONAL DE MATERIA--TÉRMINO DE MATERIA
Descriptor Poesías pastoriles griegas
9 (RLIN) 1491
650 ## - PUNTO DE ACCESO ADICIONAL DE MATERIA--TÉRMINO DE MATERIA
Descriptor Traducciones al francés
9 (RLIN) 1492
650 ## - PUNTO DE ACCESO ADICIONAL DE MATERIA--TÉRMINO DE MATERIA
Descriptor Poesías pastoriles griegas
9 (RLIN) 1491
942 ## - ELEMENTOS DE PUNTO DE ACCESO ADICIONAL (KOHA)
Fuente de clasificación
Tipo de item Libros-BMC
945 ## - PROCESAMIENTO DE INFORMACIÓN LOCAL (OCLC)
Catalogador rum
AAAA-MM-DD - Fecha de ingreso o modificacion 2019-02-23
Holdings
Estado de retiro (separado) Fuente de clasificación o esquema de estanterías Estado dañado Ubicación Sala donde se ubica Nombre de la colección Fecha de adquisición o compra Costo, precio normal en soles Signatura topográfica Código de Barras Última vez visto (Koha) Tipo de ítem (Koha)
No     Sala Humanidades Sala Humanidades Book Cart 2019-02-23 8.00 884.6/T38 SH0000000495 2019-02-23 Libros-BMC

Powered by Koha